[Event "Varna-21"]
[Site "Varna"]
[Date "1982.05.19"]
[Round "5"]
[White "Savon, Vladimir A"]
[Black "Semkov, Semko"]
[Result "1-0"]
[WhiteElo "2485"]
[BlackElo "2395"]
[Annotator "Belov,I"]
[PlyCount "111"]
[EventDate "1982.05.15"]
[EventType "tourn"]
[EventRounds "13"]
[EventCountry "BUL"]
[EventCategory "7"]
[SourceTitle "MCL"]
[Source "ChessBase"]
[SourceDate "1999.07.01"]
[SourceVersion "1"]
[SourceVersionDate "1999.07.01"]
[SourceQuality "1"]

1. Nf3 d5 2. d4 Nf6 3. c4 e6 4. Nc3 c5 5. e3 Nc6 6. a3 cxd4 7. exd4 Be7 8. c5
Ne4 9. Qc2 (9. Bb5 $5 Nxc3 10. bxc3 O-O 11. Bxc6 bxc6 12. Ne5 $14) 9... e5 (
9... Nxc3 10. Qxc3 a5 $5 11. Bb5 O-O 12. b3 Bd7 $10 {Ivkov,B-Suba,M/Sochi/1983/
}) 10. Nxe5 Nxe5 11. dxe5 (11. Nxe4 Nc6 12. Nd6+ Bxd6 13. cxd6 O-O 14. Be3 Re8
15. Bd3 Nxd4 16. Bxh7+ Kh8 17. Qd1 Kxh7 18. Qxd4 Qxd6 19. Rd1 Qg6 $1 $10 {
Psakhis,L-Arkhipov,S/Sochi/1985/}) 11... Nxc5 12. Be3 Ne6 (12... Be6 13. Bb5+
Nd7 14. Rd1 a6 15. Be2 $16 (15. Bxd7+ Qxd7 16. Qd3 Rd8)) 13. Rd1 d4 14. Bxd4 $5
(14. Bb5+ Bd7 15. Bxd4 Bxb5 16. Nxb5 Qa5+ 17. Nc3 Nxd4 18. Rxd4 Qxe5+ 19. Re4
$14) 14... Nxd4 15. Qa4+ Qd7 $1 16. Qxd7+ Bxd7 17. Rxd4 f6 $1 (17... Bc6 18.
Bb5 Rc8 19. O-O $16) 18. Nd5 $1 $14 (18. exf6 Bxf6 19. Re4+ Kf8 $146) (18. Bb5
Bxb5 19. Nxb5 fxe5 20. Nc7+ Kf7 21. Rd7 Rad8 $10) 18... fxe5 (18... Rc8 19.
exf6 gxf6 (19... Rc1+ 20. Rd1) 20. Kd2 $16) 19. Nc7+ Kd8 20. Ne6+ $1 Kc8 (20...
Ke8 21. Nxg7+ Kd8 22. Rd1 Kc8 23. Bc4 $16) 21. Rc4+ Bc6 22. Nxg7 Kd7 (22... Rg8
23. Nf5 Bf8 $14) 23. Nf5 Rhg8 24. Nxe7 Kxe7 25. Rg1 (25. f3 Rad8 $146) 25...
Rac8 26. f3 $5 (26. g3 Bd5 27. Rxc8 Rxc8 28. Kd2 Rf8 29. Ke1 Rc8 30. Kd2 Rf8
$10) 26... Rcf8 27. Be2 (27. Kf2 e4 28. Be2 Rg6 29. Rd1 Rh6 30. h3 Rhf6 31. Rc3
$16) 27... Bxf3 28. Bxf3 Rxf3 29. Rc7+ Kd6 30. Rxb7 $16 Rf4 31. g3 $6 (31. Rxa7
$1 Rb8 32. b4 Rc8 33. Ke2 Rc2+ 34. Ke3 Rff2 35. Ra6+ Kd7 36. Ke4 $18) 31... Rc4
32. Rg2 $1 (32. Kd2 Rgc8) 32... Rc1+ 33. Kd2 Rgc8 34. Kd3 R8c7 $8 35. Rxc7 Rxc7
36. Rf2 Ke6 37. Rf8 $6 Rd7+ 38. Ke3 Rb7 39. Rf2 Rb3+ $6 (39... a5 $5) 40. Ke4
a6 41. g4 $1 Rh3 (41... h6 $5 42. Rf3 Rxb2 43. Rh3 Re2+ 44. Kf3 Ra2 45. Rxh6+
Kd5 46. g5 $16) 42. Rf5 $1 Rxh2 43. Rxe5+ Kd6 (43... Kf6 44. Rf5+ (44. b4 Rh3
45. Ra5 $18) 44... Ke6) 44. Rh5 Rxb2 45. Rxh7 Re2+ 46. Kf4 Kd5 47. Rh5+ Kc6 48.
Re5 Rf2+ 49. Kg3 Rb2 50. g5 $18 Rb3+ 51. Kf4 Rxa3 52. g6 Rd3 53. g7 Rd8 54. Kf5
Kb6 55. Kg6 a5 56. Kh7 1-0

[Event "URS-ch otbor"]
[Site "Norilsk"]
[Date "1987.??.??"]
[Round "?"]
[White "Savon, Vladimir A"]
[Black "Khasin, Alexander"]
[Result "1-0"]
[WhiteElo "2430"]
[BlackElo "2410"]
[PlyCount "122"]
[EventDate "1987.08.??"]
[EventType "swiss"]
[EventRounds "11"]
[EventCountry "URS"]
[SourceTitle "EXT 1997"]
[Source "ChessBase"]
[SourceDate "1996.11.15"]
[SourceVersion "1"]
[SourceVersionDate "1996.11.15"]
[SourceQuality "1"]

1. Nf3 Nf6 2. c4 e6 3. Nc3 Bb4 4. Qc2 b6 5. e3 Bb7 6. Be2 O-O 7. a3 Bxc3 8.
Qxc3 d6 9. b3 e5 10. Bb2 Nbd7 11. d3 Re8 12. O-O c5 13. Nd2 d5 14. cxd5 Nxd5
15. Qc4 Rc8 16. Ne4 Nf8 17. Bf3 Qd7 18. Ng3 Rc7 19. Rac1 Ng6 20. Rfd1 Kh8 21.
a4 f6 22. h3 Rd8 23. Qg4 Qf7 24. Qc4 Qd7 25. h4 Nge7 26. h5 h6 27. Qh4 Rdc8 28.
Bg4 f5 29. Bh3 Qe6 30. e4 Nf4 31. exf5 Qd5 32. f6 Nxh3+ 33. Qxh3 gxf6 34. Ne4
Qxb3 35. Bc3 Bxe4 36. dxe4 Qf7 37. Rd6 Nc6 38. Qf5 Nd4 39. Bxd4 cxd4 40. Rxc7
Qxc7 41. Qxf6+ Qg7 42. Qf5 Rf8 43. Qe6 Qg5 44. Qxh6+ Qxh6 45. Rxh6+ Kg8 46. Re6
Rd8 47. Kf1 d3 48. Ke1 Rd4 49. Rxe5 Rxa4 50. Kd2 Ra2+ 51. Kxd3 Rxf2 52. g4 Rg2
53. Rg5+ Kh7 54. e5 Rg1 55. Ke4 b5 56. e6 Re1+ 57. Kf5 b4 58. Kf6 b3 59. Rb5
Rf1+ 60. Kg5 Rf3 61. Rb7+ Kg8 1-0

[Event "URS-ch otbor"]
[Site "Norilsk"]
[Date "1987.??.??"]
[Round "?"]
[White "Smagin, Sergey"]
[Black "Savon, Vladimir A"]
[Result "0-1"]
[WhiteElo "2555"]
[BlackElo "2430"]
[PlyCount "140"]
[EventDate "1987.08.??"]
[EventType "swiss"]
[EventRounds "11"]
[EventCountry "URS"]
[SourceTitle "EXT 1997"]
[Source "ChessBase"]
[SourceDate "1996.11.15"]
[SourceVersion "1"]
[SourceVersionDate "1996.11.15"]
[SourceQuality "1"]

1. e4 c6 2. d4 d5 3. e5 Bf5 4. c4 e6 5. Nc3 Bb4 6. Qb3 a5 7. a3 dxc4 8. Bxc4
Bxc3+ 9. Qxc3 Nd7 10. Ne2 Nb6 11. Ba2 Ne7 12. O-O Nbd5 13. Qf3 O-O 14. g4 Bc2
15. h4 f5 16. exf6 Rxf6 17. Qg3 Qf8 18. f4 h5 19. g5 Rf7 20. Bd2 g6 21. Rac1
Bf5 22. Nc3 Qg7 23. Rf2 Qxd4 24. Re1 b5 25. Nxd5 Nxd5 26. Bxd5 exd5 27. Bc3 Qb6
28. Bf6 d4 29. Re5 Qc7 30. Qb3 a4 31. Qd1 Qd7 32. Qf3 d3 33. Rd2 Re8 34. Qe3
Rxe5 35. fxe5 Qd5 36. e6 Qxe6 37. Qxe6 Bxe6 38. Rxd3 Bd5 39. Re3 Kf8 40. Re5
Rd7 41. Kf2 Kf7 42. Ke3 Be6 43. Rc5 Bd5 44. Kf4 Rd6 45. Rc2 Re6 46. Rd2 Re4+
47. Kg3 Rg4+ 48. Kh3 Be6 49. Bc3 c5 50. Rg2 b4 51. Bh8 bxa3 52. bxa3 Rxg5+ 53.
Kh2 Rd5 54. Rb2 Rd3 55. Rb7+ Bd7 56. Rc7 Rd5 57. Kg3 Ke6 58. Kf4 Kd6 59. Ra7
Rf5+ 60. Ke3 Bc6 61. Rg7 Rf3+ 62. Ke2 Rg3 63. Kf2 Rg4 64. Rf7 Kd5 65. Rf6 Bd7
66. Bg7 Kc4 67. Rb6 Rxh4 68. Rxg6 Rg4 69. Rxg4+ Bxg4 70. Bf8 h4 0-1

[Event "URS-ch otbor56"]
[Site "Uzhgorod"]
[Date "1988.??.??"]
[Round "?"]
[White "Piskov, Yury"]
[Black "Savon, Vladimir A"]
[Result "0-1"]
[WhiteElo "2415"]
[BlackElo "2430"]
[PlyCount "66"]
[EventDate "1988.??.??"]
[EventType "swiss"]
[EventRounds "11"]
[EventCountry "URS"]
[SourceTitle "TD"]
[Source "ChessBase"]
[SourceDate "1994.03.01"]
[SourceVersion "1"]
[SourceVersionDate "1994.03.01"]
[SourceQuality "1"]

1. d4 Nf6 2. c4 e6 3. Nc3 Bb4 4. e3 c5 5. Bd3 Nc6 6. Nge2 cxd4 7. exd4 d5 8. a3
dxc4 9. Bxc4 Be7 10. O-O O-O 11. Qd3 a6 12. Rd1 b5 13. Ba2 Bb7 14. b4 Bd6 15.
Bg5 Bxh2+ 16. Kh1 Bd6 17. Qh3 h6 18. d5 hxg5 19. dxc6 Bxc6 20. Bxe6 Re8 21. Bf5
Bb7 22. Ng3 Re5 23. f3 Qe7 24. Nce4 Bxe4 25. Nxe4 Rd8 26. Rac1 g6 27. Nxf6+
Qxf6 28. Be4 g4 29. Qxg4 Rg5 30. Rxd6 Rxd6 31. Qc8+ Rd8 32. Qc7 Rh5+ 33. Kg1
Qd4+ 0-1

[Event "Baku"]
[Site "Baku"]
[Date "1988.??.??"]
[Round "?"]
[White "Avshalumov, Alex"]
[Black "Savon, Vladimir A"]
[Result "0-1"]
[WhiteElo "2420"]
[BlackElo "2430"]
[PlyCount "76"]
[EventDate "1988.10.??"]
[EventType "tourn"]
[EventRounds "11"]
[EventCountry "URS"]
[EventCategory "8"]
[SourceTitle "CBM 010"]
[Source "ChessBase"]
[SourceDate "1989.06.01"]
[SourceVersion "1"]
[SourceVersionDate "1989.06.01"]
[SourceQuality "1"]

1. d4 Nf6 2. c4 e6 3. Nc3 Bb4 4. e3 b6 5. Bd3 Bb7 6. f3 c5 7. Nge2 cxd4 8. exd4
Nc6 9. O-O Rc8 10. Ne4 Be7 11. a3 d5 12. cxd5 Nxd5 13. b4 O-O 14. Qd2 e5 15.
dxe5 Nxe5 16. Bb1 a5 17. b5 Qd7 18. a4 Rfd8 19. Qd4 Nc3 20. Qxd7 Nxe2+ 21. Kf2
Rxd7 22. Kxe2 Bd5 23. Nd2 g6 24. Rd1 f5 25. h3 Bb4 26. Bb2 Nc4 27. Ne4 fxe4 28.
fxe4 Re8 29. Kf3 Rf7+ 30. Kg3 Be6 31. Bd4 Bd6+ 32. Kh4 Be5 33. Ba2 Rf4+ 34. g4
Rxe4 35. Bxe5 Nxe5 36. Rd6 Bxa2 37. Rxa2 Re3 38. Kg5 Nf7+ 0-1

[Event "Baku"]
[Site "Baku"]
[Date "1988.??.??"]
[Round "?"]
[White "Dumitrache, Dragos Nicolae"]
[Black "Savon, Vladimir A"]
[Result "0-1"]
[WhiteElo "2405"]
[BlackElo "2430"]
[PlyCount "66"]
[EventDate "1988.10.??"]
[EventType "tourn"]
[EventRounds "11"]
[EventCountry "URS"]
[EventCategory "8"]
[SourceTitle "CBM 010"]
[Source "ChessBase"]
[SourceDate "1989.06.01"]
[SourceVersion "1"]
[SourceVersionDate "1989.06.01"]
[SourceQuality "1"]

1. d4 Nf6 2. c4 e6 3. Nc3 Bb4 4. e3 c5 5. Bd3 d5 6. cxd5 Nxd5 7. Nge2 cxd4 8.
exd4 Nc6 9. O-O O-O 10. Bc2 Bd6 11. Ne4 Be7 12. a3 e5 13. Bb3 Nf6 14. Nxf6+
Bxf6 15. d5 Nd4 16. Nxd4 exd4 17. Bf4 Bf5 18. Rc1 d3 19. Rc7 Bxb2 20. a4 Ba3
21. Rxb7 Be4 22. Qg4 Qf6 23. Qg3 Rfe8 24. h4 h6 25. Rc7 Rad8 26. Rc6 Qb2 27.
Bxh6 Bxd5 28. Bxd5 Rxd5 29. Rc7 Bd6 30. Qf3 Bxc7 31. Qxd5 gxh6 32. Qd7 Qe5 33.
Qxd3 Qh2# 0-1

[Event "Baku"]
[Site "Baku"]
[Date "1988.??.??"]
[Round "?"]
[White "Savon, Vladimir A"]
[Black "Gallagher, Joseph G"]
[Result "1-0"]
[WhiteElo "2430"]
[BlackElo "2445"]
[PlyCount "87"]
[EventDate "1988.10.??"]
[EventType "tourn"]
[EventRounds "11"]
[EventCountry "URS"]
[EventCategory "8"]
[SourceTitle "CBM 010"]
[Source "ChessBase"]
[SourceDate "1989.06.01"]
[SourceVersion "1"]
[SourceVersionDate "1989.06.01"]
[SourceQuality "1"]

1. Nf3 Nf6 2. g3 g6 3. b3 Bg7 4. Bb2 O-O 5. Bg2 d5 6. c4 c6 7. O-O Bg4 8. d3
Bxf3 9. Bxf3 e6 10. Nc3 Nbd7 11. Qc2 Rc8 12. e4 Ne5 13. Be2 d4 14. Nd1 c5 15.
f4 Nc6 16. e5 Nd7 17. Bc1 f6 18. exf6 Nxf6 19. Bf3 Qd7 20. Nf2 Rce8 21. Ne4
Nxe4 22. Bxe4 Ne7 23. g4 Nc8 24. Qg2 Nd6 25. Bd2 Kh8 26. Rae1 e5 27. Bd5 exf4
28. Rxe8 Nxe8 29. Rxf4 Rxf4 30. Bxf4 Nf6 31. Bxb7 Nxg4 32. Qc6 Qxc6 33. Bxc6
Ne5 34. Be4 Bf6 35. b4 cxb4 36. c5 g5 37. Bg3 Nd7 38. c6 Nb6 39. c7 Kg7 40. Bf5
Kf7 41. c8=Q Nxc8 42. Bxc8 Ke7 43. Ba6 Kd7 44. Bb5+ 1-0

[Event "Legion op 6th"]
[Site "Warsaw"]
[Date "1989.01.16"]
[Round "5"]
[White "Savon, Vladimir A"]
[Black "Spasov, Vasil"]
[Result "1-0"]
[WhiteElo "2425"]
[BlackElo "2345"]
[PlyCount "46"]
[EventDate "1989.01.12"]
[EventType "swiss"]
[EventRounds "11"]
[EventCountry "POL"]
[SourceTitle "EXT 1997"]
[Source "ChessBase"]
[SourceDate "1996.11.15"]
[SourceVersion "1"]
[SourceVersionDate "1996.11.15"]
[SourceQuality "1"]

1. d4 Nf6 2. Nf3 g6 3. g3 Bg7 4. Bg2 O-O 5. O-O d6 6. Nc3 Nbd7 7. e4 e5 8. h3
c6 9. a4 exd4 10. Nxd4 a5 11. Nb3 Qc7 12. Re1 Re8 13. Be3 Ne5 14. Nd2 Be6 15.
f4 Nc4 16. Nxc4 Bxc4 17. Qd2 Rad8 18. Rad1 b5 19. axb5 cxb5 20. b3 b4 21. Na4
Nd7 22. bxc4 Qc6 23. e5 Qxa4 1-0

[Event "Tirnavia-B"]
[Site "Trnava"]
[Date "1989.??.??"]
[Round "3"]
[White "Lechtynsky, Jiri"]
[Black "Savon, Vladimir A"]
[Result "0-1"]
[WhiteElo "2450"]
[BlackElo "2425"]
[PlyCount "134"]
[EventDate "1989.03.??"]
[EventType "tourn"]
[EventRounds "13"]
[EventCountry "CZE"]
[EventCategory "8"]
[SourceTitle "EXT 1997"]
[Source "ChessBase"]
[SourceDate "1996.11.15"]
[SourceVersion "1"]
[SourceVersionDate "1996.11.15"]
[SourceQuality "1"]

1. Nf3 Nf6 2. g3 d5 3. Bg2 c6 4. c4 Bg4 5. cxd5 cxd5 6. Qb3 Bxf3 7. Bxf3 Qd7 8.
Nc3 e6 9. d3 Nc6 10. Bg2 Be7 11. O-O O-O 12. Bf4 h6 13. Rfc1 Rfd8 14. a3 Nd4
15. Qd1 Rac8 16. h3 b6 17. g4 Ne8 18. e3 Nc6 19. Qa4 Bd6 20. Ne2 Bxf4 21. Nxf4
Nd6 22. Rc3 b5 23. Qc2 Ne7 24. b4 Rxc3 25. Qxc3 Rc8 26. Qb2 Qc7 27. Bf1 Kf8 28.
Ne2 Ng6 29. Rc1 Qd8 30. Rxc8 Qxc8 31. Qd4 Qd7 32. Qc5 Ne7 33. Nd4 e5 34. Nb3 f5
35. Bg2 fxg4 36. hxg4 Nf7 37. f3 Ng5 38. Qc3 Qd6 39. d4 exd4 40. Nxd4 Qg3 41.
Kf1 Nh3 42. Qe1 Qh2 43. Ne2 Ng5 44. Qc3 Qd6 45. Nd4 a6 46. f4 Ne4 47. Qc2 Nf6
48. Bf3 g5 49. Qc5 Ne8 50. Ke2 Kf7 51. Qa7 Nc7 52. f5 Ne8 53. Qb7 Nf6 54. Kd3
Nd7 55. Kc3 Ne5 56. Be2 Nc4 57. Bxc4 dxc4 58. Qe4 Qd5 59. Qe6+ Qxe6 60. Nxe6
Kf6 61. Kd4 h5 62. Nc5 Nc6+ 63. Kd5 hxg4 64. Kxc6 Kxf5 65. Kd5 g3 66. e4+ Kg6
67. Nd7 g2 0-1

[Event "Tirnavia-B"]
[Site "Trnava"]
[Date "1989.??.??"]
[Round "5"]
[White "Lanc, Alois"]
[Black "Savon, Vladimir A"]
[Result "0-1"]
[WhiteElo "2410"]
[BlackElo "2425"]
[PlyCount "78"]
[EventDate "1989.03.??"]
[EventType "tourn"]
[EventRounds "13"]
[EventCountry "CZE"]
[EventCategory "8"]
[SourceTitle "EXT 1997"]
[Source "ChessBase"]
[SourceDate "1996.11.15"]
[SourceVersion "1"]
[SourceVersionDate "1996.11.15"]
[SourceQuality "1"]

1. e4 c5 2. Nf3 d6 3. d4 cxd4 4. Nxd4 Nf6 5. Nc3 a6 6. Bc4 e6 7. Bb3 b5 8. Qf3
Bb7 9. O-O Nc6 10. Nxc6 Bxc6 11. Re1 Be7 12. a3 O-O 13. Bf4 Qc7 14. Rad1 Rfd8
15. g4 a5 16. g5 Nd7 17. Qh5 Nf8 18. Rd3 b4 19. axb4 axb4 20. Nd1 Qb7 21. Rd4
Ra1 22. Bd2 d5 23. e5 Bc5 24. Rd3 d4 25. Qg4 Bb5 26. h4 Qa6 27. Qg3 Ng6 28. h5
Ne7 29. Kh2 Nf5 30. Qh3 g6 31. Rg1 Bf8 32. Bf4 Bxd3 33. cxd3 Bg7 34. Re1 Rc8
35. Qf3 gxh5 36. Rg1 h4 37. Qe4 Qc6 38. Qxc6 Rxc6 39. Kg2 Rc5 0-1

[Event "Tirnavia-B"]
[Site "Trnava"]
[Date "1989.??.??"]
[Round "8"]
[White "Savon, Vladimir A"]
[Black "Stohl, Igor"]
[Result "1-0"]
[WhiteElo "2425"]
[BlackElo "2455"]
[PlyCount "89"]
[EventDate "1989.03.??"]
[EventType "tourn"]
[EventRounds "13"]
[EventCountry "CZE"]
[EventCategory "8"]
[SourceTitle "EXT 1997"]
[Source "ChessBase"]
[SourceDate "1996.11.15"]
[SourceVersion "1"]
[SourceVersionDate "1996.11.15"]
[SourceQuality "1"]

1. c4 e5 2. Nc3 Bb4 3. g3 Bxc3 4. bxc3 Nc6 5. Bg2 d6 6. d3 Nge7 7. Nf3 O-O 8.
O-O h6 9. Ne1 Be6 10. Rb1 b6 11. f4 exf4 12. gxf4 Qd7 13. Rb2 Rae8 14. Nf3 Bg4
15. Qe1 f5 16. Qf2 Nd8 17. Nd4 c5 18. Nc2 Bh5 19. Ne3 Bf7 20. Nd5 Ne6 21. Qg3
Kh8 22. e4 Nc7 23. Bh3 Be6 24. Rg2 Rf7 25. Qh4 fxe4 26. Bxe6 Nxe6 27. dxe4 Nxd5
28. cxd5 Nf8 29. f5 Qe7 30. Qh5 Nh7 31. Rf4 Nf6 32. Qg6 Qf8 33. c4 Rxe4 34.
Rxe4 Nxe4 35. Bb2 Nf6 36. Re2 Ng8 37. Kh1 Ne7 38. Qxh6+ Kg8 39. Qxd6 Rxf5 40.
Qe6+ Kh8 41. Qe3 Nc8 42. Bxg7+ Qxg7 43. Qh3+ Qh7 44. Re8+ Kg7 45. Qg3+ 1-0

[Event "Tirnavia-B"]
[Site "Trnava"]
[Date "1989.??.??"]
[Round "11"]
[White "Banas, Jan"]
[Black "Savon, Vladimir A"]
[Result "0-1"]
[WhiteElo "2410"]
[BlackElo "2425"]
[PlyCount "80"]
[EventDate "1989.03.??"]
[EventType "tourn"]
[EventRounds "13"]
[EventCountry "CZE"]
[EventCategory "8"]
[SourceTitle "EXT 1997"]
[Source "ChessBase"]
[SourceDate "1996.11.15"]
[SourceVersion "1"]
[SourceVersionDate "1996.11.15"]
[SourceQuality "1"]

1. c4 Nf6 2. Nc3 e5 3. Nf3 Nc6 4. e3 Bb4 5. Qb3 e4 6. Ne5 Nxe5 7. Qxb4 d6 8.
Qa4+ c6 9. h3 O-O 10. Qc2 Bf5 11. f4 Nd3+ 12. Bxd3 exd3 13. Qd1 d5 14. cxd5
Nxd5 15. O-O Nxc3 16. bxc3 Re8 17. Qh5 Qd7 18. c4 f6 19. Bb2 Re4 20. c5 Rc4 21.
Rfc1 Rc2 22. Bc3 b5 23. a3 a5 24. Qf3 Qe6 25. Qg3 Qe7 26. Rf1 Rxc3 27. dxc3
Qxc5 28. Qf2 Re8 29. e4 Qxf2+ 30. Rxf2 Rxe4 31. Rd1 Rc4 32. g4 Be4 33. Re1 f5
34. gxf5 Kf7 35. Rd2 Bxf5 36. Re5 Kf6 37. Rxf5+ Kxf5 38. Rxd3 Ke4 39. Rg3 Kxf4
40. Rxg7 Rxc3 0-1

[Event "Kotov Memorial"]
[Site "Odessa"]
[Date "1989.??.??"]
[Round "?"]
[White "Pyhala, Antti"]
[Black "Savon, Vladimir A"]
[Result "0-1"]
[WhiteElo "2385"]
[BlackElo "2465"]
[PlyCount "94"]
[EventDate "1989.10.??"]
[EventType "tourn"]
[EventRounds "13"]
[EventCountry "URS"]
[EventCategory "9"]
[SourceTitle "TD"]
[Source "ChessBase"]
[SourceDate "1994.03.01"]
[SourceVersion "1"]
[SourceVersionDate "1994.03.01"]
[SourceQuality "1"]

1. e4 c5 2. Nf3 d6 3. c3 Nf6 4. h3 Nc6 5. Bd3 e5 6. Bc2 Be7 7. d4 exd4 8. cxd4
cxd4 9. Nxd4 d5 10. Nc3 dxe4 11. Nxc6 Qxd1+ 12. Kxd1 bxc6 13. Nxe4 Be6 14. Ke2
O-O-O 15. Be3 Bc4+ 16. Kf3 Bd5 17. Rhd1 Rhe8 18. Rd4 Bf8 19. Rxd5 Nxd5 20. Bxa7
Kb7 21. Be3 Nxe3 22. fxe3 f5 23. Ng3 g6 24. Nf1 Bg7 25. Re1 Rd6 26. b4 Bc3 27.
Rb1 Ra8 28. a4 Kc7 29. g3 Re8 30. b5 c5 31. h4 Kb6 32. h5 c4 33. hxg6 hxg6 34.
e4 fxe4+ 35. Bxe4 Rf8+ 36. Kg2 Re6 37. Bf3 Ref6 38. Nh2 Rd6 39. Nf1 Kc5 40. Rc1
Ba5 41. Be4 Re8 42. Bc2 c3 43. Kf3 Kb4 44. Rb1+ Ka3 45. b6 Rxb6 46. Rxb6 Bxb6
47. a5 Bc5 0-1

[Event "Noviki-B"]
[Site "Budapest"]
[Date "1990.??.??"]
[Round "2"]
[White "Savon, Vladimir A"]
[Black "Schneider, Attila"]
[Result "1-0"]
[WhiteElo "2450"]
[BlackElo "2425"]
[PlyCount "53"]
[EventDate "1990.04.??"]
[EventType "swiss"]
[EventRounds "9"]
[EventCountry "HUN"]
[SourceTitle "EXT 1997"]
[Source "ChessBase"]
[SourceDate "1996.11.15"]
[SourceVersion "1"]
[SourceVersionDate "1996.11.15"]
[SourceQuality "1"]

1. c4 Nf6 2. Nf3 e6 3. Nc3 b6 4. e4 Bb7 5. Bd3 c5 6. O-O d6 7. Bc2 Nbd7 8. d4
cxd4 9. Nxd4 a6 10. b3 Qc7 11. Bb2 Be7 12. Rc1 Rd8 13. Qe2 g5 14. Nd1 Ne5 15.
f4 gxf4 16. Rxf4 Rg8 17. Ne3 Rg6 18. Rcf1 Kd7 19. Nd5 exd5 20. exd5 Rdg8 21.
Bxg6 Rxg6 22. Nf5 b5 23. Nxe7 Kxe7 24. Qf2 Nfd7 25. Bxe5 dxe5 26. Rxf7+ Kd6 27.
c5+ 1-0

[Event "Noviki-B"]
[Site "Budapest"]
[Date "1990.??.??"]
[Round "4"]
[White "Savon, Vladimir A"]
[Black "Cardon, Helmut"]
[Result "1-0"]
[WhiteElo "2450"]
[BlackElo "2400"]
[PlyCount "83"]
[EventDate "1990.04.??"]
[EventType "swiss"]
[EventRounds "9"]
[EventCountry "HUN"]
[SourceTitle "EXT 1997"]
[Source "ChessBase"]
[SourceDate "1996.11.15"]
[SourceVersion "1"]
[SourceVersionDate "1996.11.15"]
[SourceQuality "1"]

1. Nf3 g6 2. e4 Bg7 3. d4 d6 4. Nc3 Nf6 5. Be2 O-O 6. O-O Bg4 7. h3 Bxf3 8.
Bxf3 Nc6 9. Ne2 e5 10. d5 Ne7 11. g3 c6 12. c4 cxd5 13. cxd5 Nd7 14. Bg2 f5 15.
exf5 gxf5 16. f4 Qb6+ 17. Kh2 Rac8 18. fxe5 dxe5 19. Nc3 Kh8 20. Qb3 e4 21. Rd1
Be5 22. Qxb6 Nxb6 23. d6 Nc6 24. Bg5 Rg8 25. Bh4 Nd4 26. a4 Rg6 27. Nb5 Nxb5
28. axb5 Rxd6 29. Rxd6 Bxd6 30. Rxa7 Rc2 31. Rxb7 Nc4 32. Bf6+ Kg8 33. Bg5 Rxb2
34. h4 e3 35. Kh3 e2 36. Bd5+ Kf8 37. Bf7 Be5 38. Bh6+ Bg7 39. Bxg7+ Kxg7 40.
Bxc4+ Kf6 41. Rf7+ Kg6 42. Re7 1-0

[Event "Noviki-B"]
[Site "Budapest"]
[Date "1990.??.??"]
[Round "5"]
[White "Holzmann, Herbert"]
[Black "Savon, Vladimir A"]
[Result "0-1"]
[WhiteElo "2415"]
[BlackElo "2450"]
[PlyCount "78"]
[EventDate "1990.04.??"]
[EventType "swiss"]
[EventRounds "9"]
[EventCountry "HUN"]
[SourceTitle "EXT 1997"]
[Source "ChessBase"]
[SourceDate "1996.11.15"]
[SourceVersion "1"]
[SourceVersionDate "1996.11.15"]
[SourceQuality "1"]

1. e4 c5 2. Nf3 d6 3. Nc3 Nf6 4. d4 cxd4 5. Bb5+ Bd7 6. Bxd7+ Qxd7 7. Nxd4 g6
8. O-O Bg7 9. Nd5 Nc6 10. Nxf6+ Bxf6 11. Be3 O-O 12. b3 d5 13. exd5 Qxd5 14. c3
Rfd8 15. Ne2 Qe4 16. Qe1 Qc2 17. Nd4 Nxd4 18. Bxd4 Bxd4 19. cxd4 e6 20. Qb4 Qe4
21. Rad1 Rd7 22. Rfe1 Qd5 23. h3 Rad8 24. Re5 Qxe5 25. dxe5 Rxd1+ 26. Kh2 b6
27. a4 R1d2 28. Qe7 R8d7 29. Qh4 Rb2 30. f3 Rdd2 31. Qg5 h6 32. Qg4 Rxg2+ 33.
Qxg2 Rxg2+ 34. Kxg2 g5 35. h4 gxh4 36. Kh3 Kg7 37. Kxh4 Kg6 38. Kg4 h5+ 39. Kh4
a5 0-1

[Event "Moscow op"]
[Site "Moscow"]
[Date "1990.??.??"]
[Round "?"]
[White "Saidy, Anthony Fred"]
[Black "Savon, Vladimir A"]
[Result "0-1"]
[WhiteElo "2385"]
[BlackElo "2455"]
[PlyCount "50"]
[EventDate "1990.09.??"]
[EventType "swiss"]
[EventRounds "9"]
[EventCountry "URS"]
[SourceTitle "EXT 2000"]
[Source "ChessBase"]
[SourceDate "1999.11.16"]
[SourceVersion "1"]
[SourceVersionDate "1999.11.16"]
[SourceQuality "1"]

1. d4 Nf6 2. c4 e6 3. Nc3 Bb4 4. e3 O-O 5. Bd3 c5 6. Nge2 d5 7. O-O dxc4 8.
Bxc4 Nc6 9. a3 Bxc3 10. bxc3 e5 11. Bb2 Qe7 12. Qc2 Be6 13. Bxe6 Qxe6 14. c4
exd4 15. exd4 Rfe8 16. Nf4 Qe4 17. Qxe4 Rxe4 18. Nd3 cxd4 19. Rfd1 Re2 20. Rab1
Ne4 21. Nb4 Nxf2 22. Rf1 Nxb4 23. axb4 Ne4 24. Bxd4 Rd8 25. Rfd1 Nd2 0-1

[Event "Anapa"]
[Site "Anapa"]
[Date "1991.??.??"]
[Round "?"]
[White "Savon, Vladimir A"]
[Black "Chatalbashev, Boris"]
[Result "1-0"]
[WhiteElo "2460"]
[BlackElo "2390"]
[PlyCount "109"]
[EventDate "1991.??.??"]
[EventType "tourn"]
[EventRounds "15"]
[EventCountry "URS"]
[EventCategory "8"]
[SourceTitle "TD"]
[Source "ChessBase"]
[SourceDate "1994.03.01"]
[SourceVersion "1"]
[SourceVersionDate "1994.03.01"]
[SourceQuality "1"]

1. e4 d6 2. d4 Nf6 3. Nc3 g6 4. Nf3 Bg7 5. Be2 O-O 6. O-O Bg4 7. Be3 Nc6 8. d5
Bxf3 9. Bxf3 Ne5 10. Be2 c6 11. a4 a5 12. Ra3 Qc7 13. Bd4 Ned7 14. Qd2 Rad8 15.
Raa1 Nb6 16. Rad1 e6 17. Qe3 Nbd7 18. dxe6 fxe6 19. Qh3 Rde8 20. Qg3 e5 21. Be3
Kh8 22. Rd2 Nb6 23. b3 Rd8 24. Bg5 d5 25. exd5 cxd5 26. Nb5 Qc6 27. Qh4 Rde8
28. Bf3 Qc5 29. c3 Nfd7 30. Be3 Qc6 31. c4 Rxf3 32. gxf3 d4 33. Bg5 Qxf3 34.
Qg3 Qc6 35. Re1 Nc5 36. Qg2 Nxb3 37. Rb2 Qxc4 38. Nd6 Qb4 39. Rxb3 Qxd6 40.
Qxb7 Nd5 41. Rb5 Nc7 42. Rxa5 Qe6 43. Qe4 Rf8 44. Rxe5 Qxe5 45. Qxe5 Bxe5 46.
Rxe5 Kg8 47. Kg2 Rf7 48. a5 Rd7 49. Re7 Rd5 50. Bh6 Nb5 51. Rg7+ Kh8 52. Rb7
Kg8 53. a6 d3 54. Bd2 Rc5 55. Rxb5 1-0

[Event "Belgorod-A"]
[Site "Belgorod"]
[Date "1991.??.??"]
[Round "?"]
[White "Savon, Vladimir A"]
[Black "Sorokin, Maxim"]
[Result "1-0"]
[WhiteElo "2465"]
[BlackElo "2500"]
[PlyCount "61"]
[EventDate "1991.??.??"]
[EventType "tourn"]
[EventRounds "11"]
[EventCountry "URS"]
[EventCategory "9"]
[SourceTitle "CBM 023 Extra"]
[Source "ChessBase"]
[SourceDate "1991.09.01"]
[SourceVersion "1"]
[SourceVersionDate "1991.09.01"]
[SourceQuality "1"]

1. e4 c5 2. Nf3 Nc6 3. d4 cxd4 4. Nxd4 Nf6 5. Nc3 d6 6. f4 e5 7. Nf3 Be7 8. Bc4
O-O 9. Bb3 b5 10. fxe5 Nxe5 11. Nxe5 dxe5 12. Qxd8 Rxd8 13. Bg5 Bb4 14. Rf1 Bb7
15. Bxf6 gxf6 16. Rxf6 Rd7 17. Rd1 Rad8 18. Rd3 Bxe4 19. Rxf7 Rxd3 20. cxd3 Bd5
21. Bxd5 Rxd5 22. Rxa7 Rxd3 23. Ke2 Rd4 24. Rb7 Bxc3 25. bxc3 Ra4 26. Rxb5
Rxa2+ 27. Kf3 Rc2 28. Rc5 Kg7 29. h4 e4+ 30. Kxe4 Rxg2 31. Rg5+ 1-0